Pega varetas [juego] : palitos chinos /

Guardado en:
Formato: Objeto Físico
Publicado: Brasil : Brinquedos Estrela, [199?]
Materias:
Etiquetas: Agregar Etiqueta
Sin Etiquetas, Sea el primero en etiquetar este registro!
LEADER 00720nrm a22001575g 4500
001 CEM.cems019120
008 130507b199?##################0###0#####d
005 20220829162808.0
003 CEMS
245 0 0 |a Pega varetas [juego] :  |b palitos chinos /  |c Estrela. 
260 |a Brasil :  |b Brinquedos Estrela,  |c [199?] 
300 |a 1 juego (1 palito negro, 6 azules, 6 verdes, 14 rojos, 14 amarillos) ; en tubo 20 x 5 cm. + manual de instrucciones. 
500 |a Para cualquier número de participantes. a partir de 3 años. objetivo:levantar los palitos uno a uno sin mover los demás. 
082 0 4 |a J793 
653 |a 1.juegos de entretenimiento en general.2.juegos de motricidad fina. 
859 |a CEMS  |b BIB. CEMS - Ludoteca  |h J793  |i Es88  |p 010.92  |t Ej.1